[Event "Titled Tuesday intern op 6th June"]
[Site "Chess.com INT"]
[Date "2020.06.02"]
[Round "2"]
[White "Bugaev, Vladimir"]
[Black "Jian, Alex"]
[Result "0-1"]
[WhiteElo "1570"]
[BlackElo "2089"]
[PlyCount "84"]
[EventDate "2020.06.02"]
[EventType "swiss (blitz)"]
[EventRounds "10"]
[EventCountry "USA"]
[SourceTitle "CBM 196 Extra"]
[Source "ChessBase"]
[SourceDate "2020.07.31"]
[SourceVersion "1"]
[SourceVersionDate "2020.07.31"]
[SourceQuality "1"]

1. e4 c5 2. a3 g6 3. h4 h5 4. Nc3 Bg7 5. Bc4 Nc6 6. d3 e6 7. Bg5 Nge7 8. Qd2 a6 9. a4 Nd4 10. Nge2 Qc7 11. Bxe7 Kxe7 12. f4 d6 13. 0-0 Bd7 14. Rae1 b5 15. axb5 axb5 16. Bb3 b4 17. Nd1 Nxb3 18. cxb3 Bh6 19. Ne3 Kf8 20. Rf3 Kg7 21. Ref1 Rhf8 22. f5 exf5 23. exf5 Rae8 24. Nf4 Rxe3 25. Qxe3 Bxf5 26. Qf2 Bg4 27. Rg3 Re8 28. Nd5 Qb7 29. Qf6+ Kg8 30. Nf4 Bg7 31. Qg5 Re5 32. Qd8+ Kh7 33. Qxd6 Rf5 34. Rxg4 hxg4 35. g3 Bd4+ 36. Kh2 Be5 37. Qxc5 Bxf4 38. Qc4 Bxg3+ 39. Kg1 Rxf1+ 40. Kxf1 Qf3+ 41. Kg1 Qf2+ 42. Kh1 Qh2# 0-1

[Event "Titled Tuesday intern op 6th June"]
[Site "Chess.com INT"]
[Date "2020.06.02"]
[Round "10"]
[White "Bugaev, Vladimir"]
[Black "Lammens, Tim"]
[Result "0-1"]
[WhiteElo "1570"]
[BlackElo "2250"]
[PlyCount "60"]
[EventDate "2020.06.02"]
[EventType "swiss (blitz)"]
[EventRounds "10"]
[EventCountry "USA"]
[SourceTitle "CBM 196 Extra"]
[Source "ChessBase"]
[SourceDate "2020.07.31"]
[SourceVersion "1"]
[SourceVersionDate "2020.07.31"]
[SourceQuality "1"]

1. e4 c6 2. d4 d5 3. f3 e6 4. Nc3 Bb4 5. Nh3 Ne7 6. Be3 0-0 7. a3 Ba5 8. b4 Bb6 9. Nf2 e5 10. exd5 Nf5 11. Bd2 exd4 12. Na4 cxd5 13. Nxb6 Qxb6 14. Be2 Nc6 15. 0-0 Re8 16. Nd3 Ne3 17. Bxe3 dxe3 18. f4 Bg4 19. Kh1 Bxe2 20. Qxe2 Nd4 21. Qg4 e2 22. Rfc1 Rac8 23. f5 Re4 24. Qh3 Nxc2 25. f6 Qe6 26. Qg3 Qxf6 27. Nc5 Nxa1 28. h3 Qf1+ 29. Rxf1 exf1Q+ 30. Kh2 Qf4 0-1

[Event "Titled Tuesday intern op 6th June"]
[Site "Chess.com INT"]
[Date "2020.06.02"]
[Round "1"]
[White "Schekachikhin, Maksim"]
[Black "Bugaev, Vladimir"]
[Result "1-0"]
[WhiteElo "2406"]
[BlackElo "1570"]
[PlyCount "99"]
[EventDate "2020.06.02"]
[EventType "swiss (blitz)"]
[EventRounds "10"]
[EventCountry "USA"]
[SourceTitle "CBM 196 Extra"]
[Source "ChessBase"]
[SourceDate "2020.07.31"]
[SourceVersion "1"]
[SourceVersionDate "2020.07.31"]
[SourceQuality "1"]

1. e4 c6 2. d4 d5 3. exd5 cxd5 4. Bd3 Nc6 5. c3 Qc7 6. Ne2 Bg4 7. 0-0 Nf6 8. Qe1 Bh5 9. Bf4 Qd7 10. Ng3 Bg6 11. Qe2 e6 12. Nd2 Bxd3 13. Qxd3 Bd6 14. Bg5 Be7 15. Rae1 0-0 16. Nf3 h6 17. Bxf6 Bxf6 18. Nh5 Qd8 19. Ne5 Bxe5 20. dxe5 Qg5 21. Qh3 g6 22. Nf6+ Kg7 23. f4 Qf5 24. Qxf5 gxf5 25. Re3 Ne7 26. h4 Rfc8 27. Rd1 Rc4 28. b3 Rc7 29. h5 Rac8 30. Rdd3 a5 31. Kf2 b5 32. Rg3+ Kf8 33. Nh7+ Ke8 34. Rg7 Rxc3 35. Nf6+ Kf8 36. Rxc3 Rxc3 37. Rh7 Rc2+ 38. Kf3 Rc3+ 39. Kf2 Rc2+ 40. Kg1 Rxa2 41. Rh8+ Kg7 42. Rh7+ Kf8 43. Rxh6 a4 44. bxa4 bxa4 45. Rh8+ Kg7 46. Rh7+ Kf8 47. h6 Ng6 48. Rg7 a3 49. Rg8+ Ke7 50. Re8# 1-0

[Event "Titled Tuesday intern op 5th May"]
[Site "Chess.com INT"]
[Date "2020.05.05"]
[Round "7"]
[White "Bugaev, Vladimir"]
[Black "Elobeid, Asim Ali"]
[Result "1-0"]
[WhiteElo "1570"]
[BlackElo "2047"]
[PlyCount "31"]
[EventDate "2020.05.05"]
[EventType "swiss (blitz)"]
[EventRounds "10"]
[EventCountry "USA"]
[SourceTitle "EXT 2021"]
[Source "ChessBase"]
[SourceDate "2020.10.23"]
[SourceVersion "1"]
[SourceVersionDate "2020.10.23"]
[SourceQuality "1"]

1. e4 d6 2. d4 c6 3. a4 Nd7 4. Nc3 e5 5. Nf3 Be7 6. Bc4 Ngf6 7. 0-0 0-0 8. Qe2 b6 9. Ba2 a6 10. Rd1 Qc7 11. Nh4 g6 12. Bh6 Re8 13. Qc4 d5 14. exd5 b5 15. Qxc6 Qxc6 16. dxc6 1-0

[Event "Titled Tuesday intern op 5th May"]
[Site "Chess.com INT"]
[Date "2020.05.05"]
[Round "10"]
[White "Bugaev, Vladimir"]
[Black "Starosta, Martyna"]
[Result "1-0"]
[WhiteElo "1570"]
[BlackElo "2079"]
[PlyCount "93"]
[EventDate "2020.05.05"]
[EventType "swiss (blitz)"]
[EventRounds "10"]
[EventCountry "USA"]
[SourceTitle "EXT 2021"]
[Source "ChessBase"]
[SourceDate "2020.10.23"]
[SourceVersion "1"]
[SourceVersionDate "2020.10.23"]
[SourceQuality "1"]

1. e4 e5 2. Nf3 Nc6 3. Nc3 Nf6 4. d4 exd4 5. Nxd4 Bb4 6. Nxc6 bxc6 7. Bd3 d6 8. 0-0 h6 9. h3 0-0 10. Qf3 a5 11. a3 Bc5 12. Bf4 Rb8 13. Rad1 Qe7 14. Rfe1 Nd7 15. Qg3 Qf6 16. e5 dxe5 17. Rxe5 Nxe5 18. Bxe5 Qg5 19. Bxc7 Qxg3 20. Bxg3 Rb7 21. Na4 Be7 22. b3 Bxa3 23. Nc3 Bb4 24. Ne2 Be6 25. Nd4 c5 26. Nxe6 fxe6 27. Bc4 Kf7 28. Rd6 Re8 29. Be5 Ree7 30. f4 Rbd7 31. Bxe6+ Rxe6 32. Rxd7+ Re7 33. Rxe7+ Kxe7 34. Bxg7 h5 35. g4 hxg4 36. hxg4 Bd2 37. Be5 c4 38. Kf2 c3 39. Ke2 Ke6 40. Kd3 Kd5 41. Bxc3 Bxf4 42. Bxa5 Kc5 43. c4 Kc6 44. Bd2 Bd6 45. g5 Bf8 46. g6 Bg7 47. Bc3 1-0

[Event "Titled Tuesday intern op 5th May"]
[Site "Chess.com INT"]
[Date "2020.05.05"]
[Round "9"]
[White "Bugaev, Vladimir"]
[Black "Todev, Simeon"]
[Result "0-1"]
[WhiteElo "1570"]
[BlackElo "1990"]
[PlyCount "146"]
[EventDate "2020.05.05"]
[EventType "swiss (blitz)"]
[EventRounds "10"]
[EventCountry "USA"]
[SourceTitle "EXT 2021"]
[Source "ChessBase"]
[SourceDate "2020.10.23"]
[SourceVersion "1"]
[SourceVersionDate "2020.10.23"]
[SourceQuality "1"]

1. e4 g6 2. d4 Bg7 3. h4 h5 4. Nc3 c5 5. Be3 cxd4 6. Bxd4 e5 7. Bc5 Ne7 8. Nd5 d6 9. Nxe7 dxc5 10. Qxd8+ Kxd8 11. Nd5 Be6 12. 0-0-0 Nd7 13. Nf3 Bxd5 14. Rxd5 Kc7 15. Bb5 Rad8 16. Bxd7 Rxd7 17. Rxc5+ Kb6 18. Rd5 Rxd5 19. exd5 Kc5 20. Rd1 Rd8 21. Ng5 Bh6 22. Re1 f6 23. f4 fxg5 24. hxg5 Bg7 25. fxe5 Re8 26. d6 Bxe5 27. Rd1 Bxd6 28. b4+ Kc6 29. b5+ Kc7 30. Rf1 Rf8 31. Re1 Kd7 32. Re4 Rf4 33. Re2 Rg4 34. Kb2 Rxg5 35. a4 Rg4 36. Kb3 Rb4+ 37. Kc3 Rxa4 38. Rf2 Rf4 39. Rd2 Rf5 40. Kc4 h4 41. Rd3 g5 42. Re3 g4 43. Re4 h3 44. Rxg4 h2 45. Rh4 Rf1 46. Rh7+ Ke6 47. Rh6+ Ke5 48. Rh5+ Ke4 49. Rh4+ Ke3 50. Rh6 h1Q 51. Rxd6 Qh4+ 52. Kb3 Rb1+ 53. Ka2 Qa4+ 54. Kxb1 Qb4+ 55. Kc1 Qxd6 56. Kb2 Qb6 57. c4 Kd4 58. Kb3 a6 59. g4 axb5 60. c5 Qxc5 61. g5 Qxg5 62. Kb4 Qc5+ 63. Ka5 b4+ 64. Ka4 b5+ 65. Kb3 Qc3+ 66. Ka2 Qa3+ 67. Kb1 Qb3+ 68. Ka1 Qc3+ 69. Ka2 b3+ 70. Ka3 b2+ 71. Ka2 Qc2 72. Ka3 b4+ 73. Ka2 b1Q# 0-1

[Event "Titled Tuesday intern op 5th May"]
[Site "Chess.com INT"]
[Date "2020.05.05"]
[Round "8"]
[White "Kalinina, Larisa"]
[Black "Bugaev, Vladimir"]
[Result "0-1"]
[WhiteElo "2131"]
[BlackElo "1570"]
[PlyCount "110"]
[EventDate "2020.05.05"]
[EventType "swiss (blitz)"]
[EventRounds "10"]
[EventCountry "USA"]
[SourceTitle "EXT 2021"]
[Source "ChessBase"]
[SourceDate "2020.10.23"]
[SourceVersion "1"]
[SourceVersionDate "2020.10.23"]
[SourceQuality "1"]

1. e4 c6 2. d4 d5 3. Nc3 dxe4 4. Nxe4 Bf5 5. Ng3 Bg6 6. Nh3 e6 7. Nf4 Bd6 8. h4 Qc7 9. Qf3 Bxc2 10. h5 h6 11. Bd3 Bxd3 12. Nxd3 Nd7 13. Ne4 Ngf6 14. Nxd6+ Qxd6 15. Be3 Qd5 16. Qxd5 Nxd5 17. Bd2 0-0-0 18. 0-0-0 Rhe8 19. Rhe1 N7f6 20. Ne5 Re7 21. g4 Nd7 22. Nd3 N7b6 23. b3 Nf6 24. Bb4 Red7 25. Ne5 Rxd4 26. Rxd4 Rxd4 27. Bc5 Rd5 28. Bxb6 axb6 29. f3 Kc7 30. Nxf7 Kd7 31. Ne5+ Kd6 32. Nc4+ Ke7 33. Kc2 b5 34. Ne3 Rd4 35. Kc3 c5 36. Nc2 Nd5+ 37. Kb2 Rd3 38. Re2 Rxf3 39. Na3 b4 40. Nc4 b5 41. Nd2 Re3 42. Rxe3 Nxe3 43. Ne4 Nxg4 44. Nxc5 Nf6 45. Nd3 Nxh5 46. Nxb4 g5 47. Nc6+ Kd6 48. Nd4 b4 49. a4 bxa3+ 50. Kxa3 Nf4 51. Kb4 Nd5+ 52. Kc4 e5 53. Ne2 g4 54. Kd3 h5 55. Ke4 Ke6 0-1